000 01589nam a2200481 i 4500
001 55184
003 KOSZ 005
005 20220614092234.0
008 021230s2002 pl a |000 0 pol
015 _aUWD 2003/402
020 _a8301138203
035 _a991019992429705066
035 _a(PL-WaBN)b15418960-48omnis_nlop
035 _ab15418960
035 _a(OCoLC)749392792
035 _azz2002944809
035 _a(PL)b0000001541896
035 _a(EXLNZ-48OMNIS_NETWORK)9910488428105606
040 _aWA N
_cWA N
_dKOSZ 005/HR
041 1 _apol
_heng
046 _k1995
080 _a339.138
080 _a(075.8)
100 1 _aChurchill, Gilbert A.
_eAutor
245 1 0 _aBadania marketingowe :
_bpodstawy metodologiczne /
_cGilbert A. Churchill.
246 1 _iTyt. oryg.:
_aMarketing research :
_bmethodological foundations,
_f1995
260 _aWarszawa :
_bWydawnictwo Naukowe PWN,
_c2002.
300 _a897, [2] s. :
_bil., 2 mapy ;
_c25 cm.
336 _aTekst
_btxt
_2rdacontent
337 _aBez urządzenia pośredniczącego
_bn
_2rdamedia
338 _aWolumin
_bnc
_2rdacarrier
380 _aKsiążki
388 _a2001-
521 8 _aPodręcznik akademicki.
546 _aTekst tł. z ang.
650 7 _aBadania marketingowe
_2DBN
655 7 _aPodręczniki akademickie
_2DBN
658 _aZarządzanie i marketing
710 2 _aWydawnictwo Naukowe PWN
_4pbl
856 _uhttp://koha.tu.koszalin.pl/cgi-bin/koha/opac-detail.pl?biblionumber=55184
_yKatalog online BPK
942 _2UKD
_cKS
999 _c55184
_d55184